BASIC FOOD SCIENCE AND TECHNOLOGY (Record no. 12083)

MARC details
000 -LEADER
fixed length control field 00269nam a22001217a 4500
003 - CONTROL NUMBER IDENTIFIER
control field SGT
082 ## - DEWEY DECIMAL CLASSIFICATION NUMBER
Classification number 641.3
Item number B15R
100 ## - MAIN ENTRY--PERSONAL NAME
Personal name REDDY, S.M.
245 ## - TITLE STATEMENT
Title BASIC FOOD SCIENCE AND TECHNOLOGY
260 ## - PUBLICATION, DISTRIBUTION, ETC. (IMPRINT)
Place of publication, distribution, etc DELHI
Name of publisher, distributor, etc NEW AGE PUB.
Year of Publication 2015
300 ## - PAGE DESCRIPTION
No. of Pages 481
942 ## - ADDED ENTRY ELEMENTS (KOHA)
Source of classification or shelving scheme Dewey Decimal Classification
Koha item type Books
942 ## - ADDED ENTRY ELEMENTS (KOHA)
-- 8
Holdings
Withdrawn status Lost status Source of classification or shelving scheme Damaged status Not for loan Collection code Home library Current library Shelving location Date acquired Vendor Name Cost, normal purchase price SGTU Bill Number Total Checkouts Full call number Accession No. (Barcode) Date last seen Date last borrowed Bill Date Koha item type
    Dewey Decimal Classification     MEDICAL SGT Medical Library SGT Medical Library Text Book 29/06/2017 ABC 350.00 SGTU 8041 4 641.3 B15R FM8631 05/05/2023 18/04/2023   Books
    Dewey Decimal Classification     MEDICAL SGT Medical Library SGT Medical Library Text Book 29/06/2017 ABC 350.00 SGTU 8041 3 641.3 B15R FM8632 29/11/2019 27/11/2019   Books
    Dewey Decimal Classification     MEDICAL SGT Medical Library SGT Medical Library Text Book 29/06/2017 ABC 350.00 SGTU 8041 3 641.3 B15R FM8633 16/11/2019 25/03/2019   Books
    Dewey Decimal Classification     MEDICAL SGT Medical Library SGT Medical Library Text Book 29/06/2017 ABC 350.00 SGTU 8041 2 641.3 B15R FM8634 01/05/2025 21/04/2025   Books
    Dewey Decimal Classification     MEDICAL SGT Medical Library SGT Medical Library Text Book 29/06/2017 ABC 350.00 SGTU 8041 4 641.3 B15R FM8635 22/10/2024 11/10/2024   Books